| 000 | 00492nam a22001457a 4500 | ||
|---|---|---|---|
| 003 | OSt | ||
| 005 | 20250904114434.0 | ||
| 008 | 250904b |||||||| |||| 00| 0 eng d | ||
| 040 | _c0 | ||
| 082 | _aDPer 155.205 J826 October-December 2020 v. 119 n. 4-6 | ||
| 245 | _aJournal of personality and socail psychology / | ||
| 260 |
_aWashington ; _bAmerican Psychological Association , _cOctober-December 2020. |
||
| 300 |
_aVolume 119, various paging : _billustrations ; _c28 cm. |
||
| 942 |
_2ddc _cPER |
||
| 999 |
_c23682 _d23682 |
||